000 00501nam a2200181Ia 4500
008 090123s9999 xx 000 0 und d
082 _b43267
100 _aपोरे सुरेश
245 _aया थोडं हसुया
250 _a1
260 _c2008
300 _a275
600 _aपोरे सुरेश
630 _aया थोडं हसुया
700 _aपोरे सुरेश
730 _aया थोडं हसुया
942 _cBOOK
999 _c81368
_d81368